| 000 | 00785cam a2200229 a 4500 | ||
|---|---|---|---|
| 001 | 2145088 | ||
| 005 | 20240202023633.0 | ||
| 008 | 981124s1999 ii b 001 0 eng | ||
| 020 | _a8170367794 (India) | ||
| 020 | _a0761993142 (US) | ||
| 040 |
_aDLC _cDLC _dDLC |
||
| 082 | 0 | 0 |
_a306. _221 _bSUB. |
| 100 | 1 | _aMitra, Subrata Kumar, | |
| 245 | 1 | 0 |
_aCulture and rationality : _bthe politics of social change in post-colonial India / _cSubrata K. Mitra. |
| 260 |
_aNew Delhi ; _aThousand Oaks, Calif. : _bSage Publications, _c1999. |
||
| 300 | _a438 p. ; | ||
| 650 | 0 | _aPolitical participation | |
| 650 | 0 | _aSocial change | |
| 856 | 4 | 1 | _uhttp://www.loc.gov/catdir/enhancements/fy0657/98052039-t.html |
| 856 | 4 | 2 | _uhttp://www.loc.gov/catdir/enhancements/fy0660/98052039-d.html |
| 942 | _cL | ||
| 999 |
_c277 _d277 |
||